[Event "SRB-chT 2nd League East"]
[Site "Knic"]
[Date "2019.09.08"]
[Round "4.6"]
[White "Stankovic, Miljan"]
[Black "Zivanovic, Zoran M"]
[Result "1-0"]
[WhiteElo "2167"]
[BlackElo "2057"]
[PlyCount "82"]
[EventDate "2019.09.06"]
[EventType "team-tourn"]
[EventRounds "11"]
[EventCountry "SRB"]
[SourceTitle "EXT 2020"]
[Source "ChessBase"]
[SourceDate "2019.10.17"]
[SourceVersion "1"]
[SourceVersionDate "2019.10.17"]
[SourceQuality "1"]
[WhiteTeam "Veliko Gradiste"]
[BlackTeam "Pozarevac"]
[WhiteTeamCountry "SRB"]
[BlackTeamCountry "SRB"]

1. d4 Nf6 2. c4 e5 3. dxe5 Ng4 4. e4 Nxe5 5. f4 Ng6 6. Be3 Bb4+ 7. Nd2 Qe7 8. Qf3 Nh4 9. Qf2 Bxd2+ 10. Kxd2 Ng6 11. Re1 0-0 12. Bd3 b5 13. c5 Bb7 14. e5 f5 15. Kc1 Qe6 16. b3 Qd5 17. Bf1 a5 18. Rd1 Qf7 19. Bxb5 Ba6 20. Ba4 c6 21. Ne2 Bxe2 22. Qxe2 Na6 23. Qc4 Qxc4+ 24. bxc4 Rf7 25. e6 dxe6 26. Bxc6 Rb8 27. Bb5 Nc7 28. a4 e5 29. fxe5 Re7 30. Bd4 Nxe5 31. Bc3 Nxb5 32. cxb5 Ng6 33. Rhe1 Rf7 34. Rd2 Nh4 35. g3 Rc8 36. Bxa5 Ra7 37. Rd8+ Rxd8 38. Bxd8 Rxa4 39. c6 Rc4+ 40. Kb2 Ng2 41. Rc1 Ne3 1-0

[Event "SRB-chT3 North CS"]
[Site "Sabac"]
[Date "2014.10.05"]
[Round "6.6"]
[White "Ilic, Zoran B"]
[Black "Stankovic, Miljan"]
[Result "1/2-1/2"]
[WhiteElo "2136"]
[BlackElo "2202"]
[PlyCount "51"]
[EventDate "2014.10.02"]
[EventType "team-swiss"]
[EventRounds "6"]
[EventCountry "SRB"]
[SourceTitle "EXT 2021"]
[Source "ChessBase"]
[SourceDate "2020.10.23"]
[SourceVersion "1"]
[SourceVersionDate "2020.10.23"]
[SourceQuality "1"]

1. e4 c5 2. c3 e6 3. d4 d5 4. e5 Nc6 5. Nf3 Bd7 6. a3 Qb6 7. b4 cxd4 8. cxd4 Rc8 9. Bb2 Na5 10. Nbd2 Nc4 11. Bxc4 dxc4 12. Rc1 Qa6 13. 0-0 c3 14. Rxc3 Rxc3 15. Bxc3 Qxa3 16. Ne4 Bc6 17. Nfd2 Qa2 18. Qg4 Nh6 19. Qg5 Qd5 20. Ra1 a6 21. Ra5 Qd8 22. Qf4 Be7 23. Nd6+ Bxd6 24. exd6 f6 25. Ne4 0-0 26. h4 1/2-1/2

[Event "SRB-chT3 North"]
[Site "Kragujevac"]
[Date "2010.09.12"]
[Round "1"]
[White "Mitrovic, Ljubisa"]
[Black "Stankovic, Miljan"]
[Result "0-1"]
[WhiteElo "1974"]
[BlackElo "2194"]
[PlyCount "94"]
[EventDate "2010.09.12"]
[EventType "team"]
[EventRounds "11"]
[EventCountry "SRB"]
[SourceTitle "EXT 2012"]
[Source "ChessBase"]
[SourceDate "2011.11.24"]
[SourceVersion "1"]
[SourceVersionDate "2011.11.24"]
[SourceQuality "1"]

1. c4 c5 2. Nc3 Nc6 3. g3 g6 4. Bg2 Bg7 5. Nf3 e5 6. 0-0 Nge7 7. d3 0-0 8. Ng5 d6 9. Nd5 f5 10. Rb1 h6 11. Nh3 a5 12. b3 Be6 13. a3 Rb8 14. f4 b5 15. Bd2 b4 16. a4 Qd7 17. Qc2 Rbe8 18. Rbe1 Kh7 19. Kh1 Rg8 20. Qc1 e4 21. Nxe7 Rxe7 22. Nf2 Nd4 23. Qb1 d5 24. Be3 dxc4 25. dxc4 Qc6 26. Nd1 Bf6 27. Bg1 h5 28. h4 Rd8 29. Ne3 Red7 30. Nc2 Nxc2 31. Qxc2 Rd2 32. Qc1 Rb2 33. Rd1 Re8 34. Qe3 Bc3 35. Rb1 Bd4 36. Qc1 Rxe2 37. Qd1 Rxg2 38. Kxg2 e3+ 39. Qf3 Bd7 40. Rfe1 Qe6 41. Kh3 Bc6 42. Qf1 Qe4 43. Qe2 Qh1+ 44. Bh2 Qe4 45. Rbd1 Bc3 46. Rf1 Bd2 47. Bg1 Qc2 0-1

[Event "Serbia-chT central"]
[Site "Golubac"]
[Date "2003.??.??"]
[Round "?"]
[White "Stankovic, Miljan"]
[Black "Milutinovic, Zoran"]
[Result "1/2-1/2"]
[WhiteElo "2253"]
[BlackElo "2186"]
[PlyCount "70"]
[EventDate "2003.09.27"]
[EventType "team"]
[EventRounds "11"]
[EventCountry "YUG"]
[SourceTitle "CBM 096 Extra"]
[Source "ChessBase"]
[SourceDate "2003.10.22"]
[SourceVersion "2"]
[SourceVersionDate "2003.10.20"]
[SourceQuality "1"]

1. d4 Nf6 2. c4 c5 3. d5 b5 4. cxb5 a6 5. Nc3 g6 6. e4 d6 7. Nf3 Bg7 8. Bd3 0-0 9. Rb1 Nbd7 10. a4 axb5 11. axb5 Ne8 12. 0-0 Nc7 13. Be3 Rb8 14. Qc2 Nb6 15. Be2 Bd7 16. b4 Bxc3 17. Qxc3 Nbxd5 18. exd5 Nxd5 19. Qd2 Nxb4 20. Rxb4 cxb4 21. Qxb4 Qc7 22. b6 Qb7 23. Qd4 Rfd8 24. Bc4 Be8 25. Qh4 d5 26. Ng5 h5 27. Be2 Qc6 28. Rc1 Qf6 29. Qg3 Rxb6 30. Bf4 Rb4 31. Be3 d4 32. Bd2 Rb2 33. Rd1 Ba4 34. Ne4 Qf5 35. Re1 Qxe4 1/2-1/2

[Event "Serbia-chT central"]
[Site "Golubac"]
[Date "2003.??.??"]
[Round "?"]
[White "Zivanovic, Nenad"]
[Black "Stankovic, Miljan"]
[Result "1/2-1/2"]
[WhiteElo "2194"]
[BlackElo "2253"]
[PlyCount "69"]
[EventDate "2003.09.27"]
[EventType "team"]
[EventRounds "11"]
[EventCountry "YUG"]
[SourceTitle "CBM 096 Extra"]
[Source "ChessBase"]
[SourceDate "2003.10.22"]
[SourceVersion "2"]
[SourceVersionDate "2003.10.20"]
[SourceQuality "1"]

1. e4 e6 2. d4 c5 3. Nf3 cxd4 4. Nxd4 Nf6 5. Nc3 Nc6 6. Ndb5 d6 7. Bf4 e5 8. Bg5 a6 9. Bxf6 gxf6 10. Na3 b5 11. Nd5 f5 12. Bd3 Be6 13. Qh5 Rg8 14. g3 Rg5 15. Qd1 Nd4 16. c3 Nc6 17. Nc2 Bxd5 18. exd5 Ne7 19. a4 Rb8 20. axb5 axb5 21. Nb4 Bg7 22. Be2 f4 23. h4 Rg6 24. Bh5 Rf6 25. g4 f3 26. Qd3 Rf4 27. Qxh7 Kf8 28. Qd3 Qb6 29. Qe3 Qb7 30. Ra7 Qc8 31. Kd1 Ra8 32. Qb6 Rc4 33. Kd2 Rxa7 34. Qxa7 e4 35. Nc6 1/2-1/2